טוען...
Cinemayude padangal: Vikalanavum veekshanavum
| מחבר ראשי: | |
|---|---|
| פורמט: | Printed Book |
| יצא לאור: |
Kottayam
Current books
2013
|
| נושאים: |
| LEADER | 00450nam a22001337a 4500 | ||
|---|---|---|---|
| 020 | |a 8124014248 | ||
| 082 | |a 791.43 |b MAN.C | ||
| 100 | |a Jose, K. Manuel. | ||
| 245 | |a Cinemayude padangal: Vikalanavum veekshanavum | ||
| 260 | |a Kottayam |b Current books |c 2013 | ||
| 650 | |a Cinema, Film studies | ||
| 942 | |c BK | ||
| 999 | |c 24455 |d 24455 | ||
| 952 | |0 0 |1 0 |4 0 |6 791_430000000000000_MAN_C |7 0 |9 26872 |a CAMPUS |b CAMPUS |d 2019-05-22 |l 0 |o 791.43 MAN.C |p 27389 |r 2019-05-22 |w 2019-05-22 |y BK | ||